Jantan membunuh gergasi

Bibliographic Details
Main Author: Othman Hj. Zainudin
Format: Book
Published: KL : Fajar Bakti , 1980
Subjects:

MARC

LEADER 00000cam a2200000 7i4500
001 0000044500
005 20151222.0
008 150101
020 |a 0195820223 
090 0 0 |a JF   |b CT MAL 
100 0 |a Othman Hj. Zainudin 
245 1 0 |a Jantan membunuh gergasi   |c Othman Hj. Zainudin 
260 |a KL :   |b Fajar Bakti ,   |c 1980 
500 |a Children ages 7-9 years old (orange) 
650 0 |a Children's stories 
650 0 |a Classic tales   |x Malay 
999 |a 0001324548   |b Book   |c Children Collection   |e Perbadanan Perpustakaan Awam Johor